[Event "29th Czech Open B 2018"]
[Site "Pardubice CZE"]
[Date "2018.07.27"]
[Round "8.4"]
[White "Lucovnik, Tilen"]
[Black "Slonimskij, Arkadij"]
[Result "0-1"]
[WhiteElo "2077"]
[BlackElo "2114"]
[WhiteFideId "14608960"]
[BlackFideId "4113420"]
[EventDate "2018.07.20"]

1. e4 e5 2. Nf3 Nc6 3. d4 exd4 4. Nxd4 Bb4+ 5. c3 Bc5 6. Be3 Qf6 7. Qd2 Nge7 8.
Nb5 Bxe3 9. Qxe3 Kd8 10. Nd2 a6 11. Na3 Re8 12. O-O-O Nd5 13. Qc5 Nf4 14. g3 Ne6
15. Qd5 Qxf2 16. Bh3 Ne7 17. Qh5 g6 18. Qxh7 Ng5 19. Qh6 Nxh3 20. Qxh3 d6 21.
Qh6 Be6 22. Rhf1 Qc5 23. Nb3 Qe5 24. Qf4 Kc8 25. Kc2 Nc6 26. Rd2 Qxf4 27. Rxf4
f5 28. exf5 Bxf5+ 29. Kd1 Ne5 30. Nd4 Bg4+ 31. Kc2 c5 32. Nb3 Kc7 33. Nc4 Nxc4
34. Rxc4 Bf5+ 35. Kd1 Be4 36. Ra4 b5 37. Ra3 Bf3+ 38. Kc2 Re3 39. Rf2 Be4+ 40.
Kd2 Rd3+ 41. Ke1 Bf3 42. Nd2 Bg4 43. Rf4 Re8+ 44. Re4 Rxe4+ 45. Nxe4 Re3+ 46.
Kf1 Rxe4 47. Rxa6 Ra4 0-1

[Event "29th Czech Open B 2018"]
[Site "Pardubice CZE"]
[Date "2018.07.27"]
[Round "8.5"]
[White "Taranenko, Evgueniy"]
[Black "Sidorika, Vladislav"]
[Result "1-0"]
[WhiteElo "2204"]
[BlackElo "2066"]
[WhiteFideId "14122138"]
[BlackFideId "14145928"]
[EventDate "2018.07.20"]

1. b3 d5 2. Bb2 Bg4 3. g3 c6 4. Bg2 Nd7 5. Nf3 e6 6. d3 Ngf6 7. Nbd2 Bc5 8. O-O
O-O 9. c4 Re8 10. Rc1 a5 11. h3 Bh5 12. g4 Bg6 13. Nh4 Qb6 14. Nxg6 hxg6 15. e4
dxe4 16. Nxe4 Nxe4 17. dxe4 e5 18. Qc2 Nf8 19. g5 Rad8 20. h4 Bd4 21. c5 Qb4 22.
a3 Qb5 23. Bxd4 Rxd4 24. Rfd1 Ne6 25. Bf1 Qxc5 26. Qxc5 Nxc5 27. Rxd4 exd4 28.
Rxc5 Rxe4 29. Rxa5 Rxh4 30. Ra8+ Kh7 31. Rb8 Rg4+ 32. Kh2 Rxg5 33. Rxb7 Rh5+ 34.
Kg2 Rg5+ 35. Kh1 Ra5 36. a4 f5 37. Rd7 c5 38. Rd5 Kh6 39. Bb5 Kg5 40. Rxc5 Kf4
41. Rd5 Ke4 42. Rd7 Kf3 43. b4 1-0

[Event "29th Czech Open B 2018"]
[Site "Pardubice CZE"]
[Date "2018.07.27"]
[Round "8.6"]
[White "Kuzmin, G."]
[Black "Cach, Jakub"]
[Result "1-0"]
[WhiteElo "2298"]
[BlackElo "2044"]
[WhiteFideId "4132041"]
[BlackFideId "332933"]
[EventDate "2018.07.20"]

1. d4 d5 2. c4 e6 3. Nc3 Nf6 4. Nf3 Be7 5. Qc2 O-O 6. Bf4 c6 7. e3 Nbd7 8. Bd3
a6 9. Rd1 dxc4 10. Bxc4 b5 11. Bd3 c5 12. dxc5 Bxc5 13. Ne4 Qa5+ 14. Ke2 Qb6 15.
Nxc5 Qxc5 16. Qxc5 Nxc5 17. Bd6 Nxd3 18. Bxf8 Nxb2 19. Rd8 Bb7 20. Rxa8 Bxa8 21.
Bc5 Bd5 22. Nd2 Na4 23. Bd4 Bxa2 24. Rc1 Kf8 25. Rc8+ Ke7 26. Ra8 Nd7 27. Rxa6
e5 28. Bb2 Bd5 29. Ba3+ Kd8 30. f3 Kc7 31. Rd6 Ndb6 32. Ke1 f6 33. e4 Ba2 34.
Rd3 Be6 35. Kd1 Nd7 36. Kc2 Ndc5 37. Re3 Kb6 38. Bb4 Kc6 39. Ra3 Bf7 40. Nb1 Bc4
41. Nc3 Nd3 42. Bf8 Nb6 43. Nd5 Nxd5 44. exd5+ Kxd5 45. Rxd3+ Bxd3+ 46. Kxd3 g6
47. Bb4 f5 48. Bd2 Kc5 49. Be3+ Kd5 50. Bd2 Kc5 51. Kc3 b4+ 52. Kd3 Kb5 53. Bc1
Kc5 54. Bb2 Kd5 55. Bc1 Kc5 56. Bg5 Kd5 57. Be7 b3 58. Ba3 g5 59. g4 1-0

[Event "29th Czech Open B 2018"]
[Site "Pardubice CZE"]
[Date "2018.07.27"]
[Round "8.7"]
[White "Bachstein, Dustin"]
[Black "Doberitz, Paul"]
[Result "0-1"]
[WhiteElo "2037"]
[BlackElo "2178"]
[WhiteFideId "4688198"]
[BlackFideId "24646130"]
[EventDate "2018.07.20"]

1. e4 c5 2. Nf3 d6 3. d4 cxd4 4. Nxd4 Nf6 5. Nc3 g6 6. Be3 Bg7 7. f3 Nc6 8. Qd2
O-O 9. O-O-O d5 10. exd5 Nxd5 11. Nxc6 bxc6 12. Bd4 Nxc3 13. Qxc3 Bh6+ 14. Be3
Bxe3+ 15. Qxe3 Qb6 16. Qxe7 Be6 17. Qa3 Rfd8 18. Bd3 Rd5 19. Rhe1 Ra5 20. Qc3
Rxa2 21. b3 Qa5 22. Qxa5 Rxa5 23. Kb2 Rb8 24. Ra1 Rg5 25. g3 a5 26. Ra4 Rb4 27.
Rea1 Rxa4 28. Rxa4 Kf8 29. f4 Rc5 30. Re4 Ke7 31. Bc4 Kd6 32. Bxe6 fxe6 33. c4
g5 34. fxg5 Rxg5 35. Kc3 e5 36. Re2 Rf5 37. Re3 h5 38. Kd3 Rf1 39. Ke2 Rh1 40.
h4 Ke6 41. Rd3 Rb1 42. Kf2 Rb2+ 43. Kf3 Kf5 44. Rd8 Rxb3+ 45. Kg2 a4 46. Ra8 a3
47. Ra6 Rb2+ 48. Kf3 a2 49. Ra8 Rc2 50. Rf8+ Ke6 51. Ra8 Kd6 52. Ra5 Rc3+ 53.
Kf2 Rxc4 54. Rxa2 Kd5 55. Ra8 Rc2+ 56. Ke3 Rc3+ 57. Kf2 Ke4 58. Ra4+ Kd3 59. Kf3
Rc4 60. Ra3+ Kd4 61. Ra8 Rc3+ 62. Kf2 Rc2+ 63. Kf1 e4 64. Rh8 Rc5 65. Ke2 Rf5
66. Rd8+ Rd5 67. Rg8 c5 68. Rg7 c4 69. Ra7 Rd6 70. Ra5 Rg6 71. Kf2 e3+ 72. Kf3
c3 73. Ra1 Rf6+ 74. Ke2 Rf2+ 75. Ke1 Rg2 76. Rd1+ Ke4 77. Rd8 c2 0-1

[Event "29th Czech Open B 2018"]
[Site "Pardubice CZE"]
[Date "2018.07.27"]
[Round "8.8"]
[White "Galicek, Stanislav"]
[Black "Poliakova, Emma"]
[Result "0-1"]
[WhiteElo "2089"]
[BlackElo "1979"]
[WhiteFideId "316342"]
[BlackFideId "73601144"]
[EventDate "2018.07.20"]

1. d4 d5 2. c4 c6 3. Nf3 Nf6 4. Nc3 a6 5. e3 b5 6. b3 Bg4 7. Be2 Nbd7 8. O-O e6
9. Bb2 Be7 10. Ne5 Nxe5 11. dxe5 Bxe2 12. Nxe2 Nd7 13. Qc2 O-O 14. Rac1 Rc8 15.
Rfd1 Nb6 16. c5 Nd7 17. b4 Qc7 18. f4 Rfd8 19. e4 Nf8 20. f5 Bg5 21. Rb1 dxe4
22. f6 Rd5 23. Qxe4 Rcd8 24. Rf1 Ng6 25. g3 Bh6 26. h4 Nxe5 27. Nf4 Ng6 28. Nxd5
Qxg3+ 29. Qg2 Qxg2+ 30. Kxg2 Rxd5 31. Kg3 gxf6 32. Bxf6 Rd3+ 33. Rf3 Bf4+ 34.
Kg4 h5+ 35. Kxh5 Rxf3 36. Rd1 Be3 37. Rd8+ Kh7 38. Bb2 Rf5+ 39. Kg4 Rf4+ 40. Kg3
Bf2+ 41. Kg2 Nxh4+ 0-1

[Event "29th Czech Open B 2018"]
[Site "Pardubice CZE"]
[Date "2018.07.27"]
[Round "8.9"]
[White "Yakimenko, Alexander A."]
[Black "Koehn, Lennart"]
[Result "1/2-1/2"]
[WhiteElo "2035"]
[BlackElo "2087"]
[WhiteFideId "24141917"]
[BlackFideId "12938041"]
[EventDate "2018.07.20"]

1. e4 c5 2. Nf3 Nf6 3. e5 Nd5 4. Bc4 e6 5. O-O Nc6 6. Re1 Nb6 7. Bb5 Qc7 8. b3
a6 9. Bxc6 Qxc6 10. c4 d5 11. d3 Be7 12. Bf4 Nd7 13. Nc3 b5 14. cxd5 exd5 15. d4
c4 16. bxc4 bxc4 17. Ng5 O-O 18. e6 Bxg5 19. exf7+ Rxf7 20. Bxg5 h6 21. Bh4 Nf8
22. Bg3 Bf5 23. Qd2 Rd8 24. Re5 Ng6 25. Re3 Rb7 26. Rae1 Kh7 27. h3 Rf7 28. Qd1
Rb7 29. Qh5 Bd3 30. Re6 Qc8 31. Rxa6 Re7 32. Rxe7 Qxa6 33. Re3 Qa5 34. Ne2 Qxa2
35. Be5 Bxe2 36. Qxe2 Qxe2 37. Rxe2 Nxe5 38. Rxe5 Rc8 39. Kf1 c3 40. Re1 Rc4 41.
Rc1 Kg6 42. Ke2 Rxd4 1/2-1/2

[Event "29th Czech Open B 2018"]
[Site "Pardubice CZE"]
[Date "2018.07.27"]
[Round "8.10"]
[White "Hiemer, Bernd"]
[Black "Krumina, Linda"]
[Result "0-1"]
[BlackTitle "WFM"]
[WhiteElo "2014"]
[BlackElo "2086"]
[WhiteFideId "4691512"]
[BlackFideId "11601701"]
[EventDate "2018.07.20"]

1. e4 c5 2. Nc3 e6 3. g3 a6 4. Bg2 Nc6 5. d3 b5 6. Be3 Bb7 7. f4 d6 8. Qd2 Nge7
9. Nf3 Qc7 10. O-O Na5 11. Qf2 Rc8 12. f5 exf5 13. Nh4 b4 14. Ne2 Nac6 15. Bh3
Ne5 16. Nxf5 Nxf5 17. Bxf5 Rb8 18. Bh3 Be7 19. Nf4 O-O 20. c3 bxc3 21. bxc3 Bg5
22. Rad1 c4 23. Bb6 Qe7 24. Ba7 Ra8 25. dxc4 Bxe4 26. Bd4 Nf3+ 27. Qxf3 Bxf3 28.
Rxf3 Bxf4 29. Rxf4 Qe2 30. Rdf1 Rab8 31. Bf2 Qxa2 32. Bg2 Rb1 33. Bd5 Rxf1+ 34.
Kxf1 a5 35. Bd4 Qxh2 36. Rf2 Qxg3 37. Rg2 Qd3+ 38. Kg1 g6 39. Rf2 a4 40. Rf3
Qxf3 41. Bxf3 a3 42. c5 dxc5 0-1

[Event "29th Czech Open B 2018"]
[Site "Pardubice CZE"]
[Date "2018.07.27"]
[Round "8.12"]
[White "Beyer, Christof"]
[Black "Rozmanov, Aleksandr"]
[Result "0-1"]
[WhiteElo "2001"]
[BlackElo "2075"]
[WhiteFideId "24601780"]
[BlackFideId "34136026"]
[EventDate "2018.07.20"]

1. e4 e5 2. Nf3 Nc6 3. Bc4 Bc5 4. O-O Nf6 5. d3 d6 6. c3 a6 7. Bb3 Ba7 8. Nbd2
O-O 9. Re1 Ne7 10. Nc4 Ng6 11. Be3 b5 12. Na3 Be6 13. Nc2 Re8 14. Nb4 c5 15. Nc6
Qc7 16. Nxa7 Rxa7 17. Bg5 Qe7 18. Nh4 Nxh4 19. Bxh4 h6 20. Bxe6 fxe6 21. d4 exd4
22. cxd4 g5 23. Bg3 e5 24. dxe5 dxe5 25. Qc2 Rd8 26. Qc3 Rd4 27. f3 Rad7 28.
Rac1 c4 29. Re2 Nh5 30. Rec2 Qc5 31. Kf1 Nxg3+ 32. hxg3 Rd1+ 33. Ke2 R7d3 34.
Rxd1 Qe3+ 0-1

[Event "29th Czech Open B 2018"]
[Site "Pardubice CZE"]
[Date "2018.07.27"]
[Round "8.13"]
[White "Novak, Ales"]
[Black "Usacheva, Glafira"]
[Result "1/2-1/2"]
[WhiteElo "2071"]
[BlackElo "1904"]
[WhiteFideId "315397"]
[BlackFideId "34119741"]
[EventDate "2018.07.20"]

1. d4 d5 2. Bg5 c5 3. dxc5 h6 4. Bh4 Nc6 5. e4 Qa5+ 6. Qd2 Qxd2+ 7. Nxd2 dxe4 8.
Bb5 g5 9. Bxc6+ bxc6 10. Bg3 Bg7 11. O-O-O Nf6 12. Ne2 Nd5 13. a3 f5 14. c4 Nf6
15. Be5 O-O 16. h3 Nd7 17. Bxg7 Kxg7 18. b4 Ne5 19. Kc2 Nd3 20. Rhf1 a5 21. Kc3
axb4+ 22. axb4 Bd7 23. f3 Ra3+ 24. Nb3 Rb8 25. fxe4 fxe4 26. Ra1 Rxa1 27. Rxa1
Rxb4 28. Ng3 Rb8 29. Nxe4 Nf4 30. Ra2 Bf5 31. Ng3 Bg6 32. Nd4 Rd8 33. Ndf5+ Bxf5
34. Nxf5+ Kf6 35. Nxh6 Rd3+ 36. Kb4 Rg3 37. Ng4+ Kf5 38. Ka5 Rb3 39. Rd2 Nd3 40.
Re2 e5 41. g3 e4 42. Re3 Rb2 43. Nh6+ Ke5 44. g4 Kd4 45. Nf5+ Ke5 46. Ka4 Nxc5+
47. Ka3 Rf2 48. Kb4 Nd3+ 49. Kc3 c5 50. Ng3 Kf4 51. Rxe4+ Kxg3 52. Kxd3 Kxh3 53.
Re5 Kxg4 1/2-1/2

[Event "29th Czech Open B 2018"]
[Site "Pardubice CZE"]
[Date "2018.07.27"]
[Round "8.14"]
[White "Ashrafzianov, Igor"]
[Black "Kusa, Jakub"]
[Result "1-0"]
[WhiteElo "2004"]
[BlackElo "2061"]
[WhiteFideId "24122572"]
[BlackFideId "395595"]
[EventDate "2018.07.20"]

1. Nf3 Nf6 2. d4 e6 3. c4 Bb4+ 4. Bd2 Qe7 5. g3 Nc6 6. Bg2 d5 7. O-O O-O 8. a3
Bxd2 9. Nbxd2 Rd8 10. Qc2 Bd7 11. e4 dxe4 12. Nxe4 Be8 13. Rad1 Rd7 14. Rd2 Rad8
15. Rfd1 Nxe4 16. Qxe4 f5 17. Qe3 Bh5 18. b4 Qf6 19. d5 exd5 20. cxd5 Ne7 21.
Qxa7 Rxd5 22. Rxd5 Rxd5 23. Qb8+ Kf7 24. Re1 Bxf3 25. Bxf3 Re5 26. Rc1 c6 27.
Qxb7 f4 28. Rxc6 Qf5 29. Rc1 g5 30. Bh5+ Kg7 31. Qf3 Nd5 32. Bg4 Qg6 33. Rd1 Nf6
34. Bc8 h5 35. Qc3 Re2 36. Ba6 Re7 37. b5 Qe4 38. b6 h4 39. Bf1 Kf7 40. Bg2 Qe2
41. Bf3 Qb5 42. b7 fxg3 43. hxg3 hxg3 44. fxg3 g4 45. Qd3 Qb6+ 46. Qd4 Qc7 47.
Bd5+ Kg7 48. Qf4 Qb6+ 49. Qf2 Re3 50. b8=Q Rxg3+ 51. Qxg3 1-0

[Event "29th Czech Open B 2018"]
[Site "Pardubice CZE"]
[Date "2018.07.27"]
[Round "8.15"]
[White "Kong, Ren En"]
[Black "Malivanek, Jiri"]
[Result "0-1"]
[WhiteElo "1859"]
[BlackElo "2047"]
[WhiteFideId "5718074"]
[BlackFideId "304816"]
[EventDate "2018.07.20"]

1. d4 e6 2. c4 d5 3. Nc3 c6 4. Nf3 Nf6 5. Bg5 dxc4 6. e4 b5 7. e5 h6 8. Bh4 g5
9. Nxg5 hxg5 10. Bxg5 Be7 11. exf6 Bxf6 12. Bxf6 Qxf6 13. g3 Nd7 14. Bg2 Rb8 15.
Bxc6 e5 16. d5 b4 17. Ne4 Qg6 18. Qe2 O-O 19. O-O Nb6 20. Rac1 Rd8 21. Rfd1 Bf5
22. f3 Rbc8 23. Nc5 Qf6 24. g4 Bg6 25. Ne4 Qf4 26. Kg2 Kg7 27. Ng3 c3 28. bxc3
bxc3 29. a4 Kf8 30. Ne4 Nxd5 31. Bxd5 Rxd5 32. Rxc3 Rxc3 33. Nxc3 Rd4 34. Nd5
Qg5 35. h4 Qxh4 36. Rh1 Qg5 37. Rd1 Rxa4 38. Nc3 Rd4 39. Qb2 Rxd1 40. Nxd1 e4
41. Nf2 exf3+ 42. Kxf3 Qd5+ 43. Kg3 a5 44. Nh3 Qd6+ 45. Nf4 a4 46. Kf3 a3 47.
Qa2 Ke8 48. Nd5 Kd7 49. Qb3 Kc6 50. Nb4+ Kc5 51. Qc3+ Kb5 52. Qxa3 Qxb4 53. Qc1
Qc4 54. Qg5+ Kc6 55. Qf6+ Qe6 56. Qc3+ Kd6 57. Qb4+ Kd7 58. Qb7+ Ke8 59. Qb8+
Ke7 60. Qc7+ Kf6 61. Qc3+ Qe5 62. g5+ Kf5 63. Qc8+ Kxg5 64. Qc1+ Kf6 65. Qc6+
Kg7 66. Qb7 Bf5 67. Kf2 Qf4+ 68. Kg1 Qc1+ 69. Kf2 Qc2+ 70. Kg3 Be6 71. Qa8 Qb3+
72. Kf2 Qa2+ 0-1

[Event "29th Czech Open B 2018"]
[Site "Pardubice CZE"]
[Date "2018.07.27"]
[Round "8.16"]
[White "Moroder, Stefan"]
[Black "Verny, David"]
[Result "1-0"]
[WhiteElo "2183"]
[BlackElo "1782"]
[WhiteFideId "826537"]
[BlackFideId "2823349"]
[EventDate "2018.07.20"]

1. c4 e5 2. Nc3 d6 3. g3 f5 4. Bg2 Nf6 5. e3 Be7 6. Nge2 O-O 7. O-O c6 8. d4 Na6
9. b3 e4 10. d5 Nc5 11. f3 cxd5 12. cxd5 exf3 13. Bxf3 Nfe4 14. Bb2 Bg5 15. Nf4
Qe7 16. Nce2 Bd7 17. Nd4 Rac8 18. Rc1 Nxg3 19. hxg3 Qxe3+ 20. Rf2 Bxf4 21. Rc3
Ne4 22. Rxe3 Bxe3 23. Ne6 Bxe6 24. dxe6 Rfe8 25. Kg2 Bxf2 26. Bxe4 fxe4 27. Qxd6
Bb6 28. Qd7 1-0

[Event "29th Czech Open B 2018"]
[Site "Pardubice CZE"]
[Date "2018.07.27"]
[Round "8.17"]
[White "Paldus, Petr"]
[Black "Filipenko, Alexander V"]
[Result "1-0"]
[BlackTitle "IM"]
[WhiteElo "1982"]
[BlackElo "2266"]
[WhiteFideId "317950"]
[BlackFideId "4104471"]
[EventDate "2018.07.20"]

1. e4 c5 2. b3 d6 3. g3 e5 4. Bb2 Nc6 5. Bg2 h5 6. h3 f5 7. Nc3 Nf6 8. d3 g5 9.
Nf3 Bh6 10. Nd5 Nxd5 11. exd5 Ne7 12. Nxe5 dxe5 13. Qxh5+ Kd7 14. Bxe5 Bg7 15.
Qe2 Bxe5 16. Qxe5 Re8 17. O-O Qc7 18. Qe6+ Kd8 1-0

[Event "29th Czech Open B 2018"]
[Site "Pardubice CZE"]
[Date "2018.07.27"]
[Round "8.18"]
[White "Alieva, Alexandra"]
[Black "Barak, Gil"]
[Result "1/2-1/2"]
[WhiteTitle "WFM"]
[WhiteElo "2137"]
[BlackElo "1993"]
[WhiteFideId "24133353"]
[BlackFideId "2812690"]
[EventDate "2018.07.20"]

1. e4 e5 2. Nf3 Nc6 3. d4 exd4 4. Bb5 d6 5. Nxd4 Bd7 6. O-O Nf6 7. Nc3 Be7 8.
Nd5 Nxd5 9. exd5 Nxd4 10. Bxd7+ Qxd7 11. Qxd4 O-O 12. Be3 Bf6 13. Qd3 Rfe8 14.
c4 Re7 15. Rae1 b6 16. b4 a5 17. a3 axb4 18. axb4 Ra4 19. Rb1 Re8 20. Rfc1 Rea8
21. Bf4 Ra3 22. Qd1 Qf5 23. Bg3 Bg5 24. Rc2 Rd3 1/2-1/2

[Event "29th Czech Open B 2018"]
[Site "Pardubice CZE"]
[Date "2018.07.27"]
[Round "8.19"]
[White "Gramb, Marius"]
[Black "Thomson, Neil"]
[Result "1-0"]
[WhiteElo "2123"]
[BlackElo "1982"]
[WhiteFideId "24656593"]
[BlackFideId "2402246"]
[EventDate "2018.07.20"]

1. d4 g6 2. e4 Bg7 3. Nc3 d6 4. f4 a6 5. Nf3 b5 6. Bd3 Nd7 7. e5 c5 8. Be4 Rb8
9. O-O Nh6 10. exd6 O-O 11. dxe7 Qxe7 12. Re1 cxd4 13. Bd3 Qd6 14. Ne4 Qc7 15.
Bd2 Nf5 16. Bb4 Qxf4 17. Bxf8 Nxf8 18. Qd2 Ne3 19. c3 Bg4 20. Nxd4 Bh6 21. Qf2
Qxf2+ 22. Kxf2 Nd5 23. h3 Be6 24. Nxe6 Nxe6 25. Rad1 a5 26. Bf1 Nec7 27. g4 f5
28. gxf5 gxf5 29. Nc5 Bg5 30. Re5 Rd8 31. Bg2 Nf4 32. Rxd8+ Bxd8 33. Rxf5 Ng6
34. Nd7 Kg7 35. Ne5 Ne6 36. Nxg6 hxg6 37. Rxb5 1-0

[Event "29th Czech Open B 2018"]
[Site "Pardubice CZE"]
[Date "2018.07.27"]
[Round "8.21"]
[White "Otruba, Marek"]
[Black "Balenovic, Zvonimir"]
[Result "1/2-1/2"]
[BlackTitle "FM"]
[WhiteElo "1975"]
[BlackElo "2114"]
[WhiteFideId "382418"]
[BlackFideId "14501252"]
[EventDate "2018.07.20"]

1. d4 Nf6 2. c4 g6 3. Nc3 Bg7 4. e4 d6 5. Nf3 O-O 6. Be2 e5 7. d5 a5 8. Bg5 Na6
9. Nd2 Bd7 10. a3 Qe8 11. b3 h6 12. Bh4 Nh7 13. O-O h5 14. f3 Bh6 15. Kh1 Be3
16. Rb1 Bc5 17. Qc1 g5 18. Bf2 Qd8 19. Na2 h4 20. b4 Bxf2 21. Rxf2 axb4 22. axb4
c5 23. dxc6 bxc6 24. Nc3 Nc7 25. b5 Ne6 26. Nb3 Nf6 27. h3 Nh5 28. Bf1 Qf6 29.
Rd2 Nd4 30. c5 Ng3+ 31. Kg1 dxc5 32. bxc6 Bxc6 33. Nxc5 Rfc8 34. Qd1 Qf4 35. Rd3
Ra3 36. Nd5 Rxd3 37. Qxd3 Bxd5 38. exd5 1/2-1/2

[Event "29th Czech Open B 2018"]
[Site "Pardubice CZE"]
[Date "2018.07.27"]
[Round "8.22"]
[White "Wiesner, Alexander"]
[Black "Adloff, Ralf"]
[Result "0-1"]
[WhiteElo "1918"]
[BlackElo "2091"]
[WhiteFideId "12943991"]
[BlackFideId "24608696"]
[EventDate "2018.07.20"]

1. d4 d6 2. e4 Nf6 3. Nc3 e5 4. Nf3 Nbd7 5. Bc4 Be7 6. Bxf7+ Kxf7 7. Ng5+ Kg8 8.
Ne6 Qe8 9. Nxc7 Qg6 10. O-O Rb8 11. f4 h6 12. dxe5 dxe5 13. fxe5 Ng4 14. N3d5
Bc5+ 15. Kh1 Ndxe5 16. b4 Qh5 17. Bf4 Bb6 18. Nxb6 axb6 19. Qd5+ Kh7 20. Bg3 Bd7
21. Rf4 Bc6 22. Qe6 Rbe8 23. Nxe8 Rxe8 24. Qd6 Qg6 25. Qd4 Nf6 26. Re1 Nh5 27.
Rf5 Nxg3+ 28. hxg3 Qxg3 29. Re3 Qh4+ 30. Kg1 Ng4 31. Rh3 Qe1+ 32. Rf1 Qxe4 33.
Qxe4+ Rxe4 34. a3 Re2 35. Rg3 Nf6 36. c4 Nh5 37. Rg4 Nf6 38. Rg3 Ne4 39. Rg4 h5
40. Rh4 Ng3 41. Rf2 Re1+ 42. Kh2 g5 43. Rd4 h4 44. Kh3 Re3 45. Kg4 Ne4 46. Rf8
Kg6 47. Rg8+ Kf7 48. Rb8 Rg3+ 49. Kf5 Nf6 50. Rd6 Ne8 51. Rdd8 Ng7+ 52. Ke5 Re3+
53. Kd6 Ne8+ 54. Rxe8 Rxe8 55. Rxe8 Kxe8 0-1

[Event "29th Czech Open B 2018"]
[Site "Pardubice CZE"]
[Date "2018.07.27"]
[Round "8.23"]
[White "Spindler, Florian"]
[Black "Drozdowski, Konrad"]
[Result "0-1"]
[WhiteElo "1911"]
[BlackElo "2076"]
[WhiteFideId "12964387"]
[BlackFideId "1106279"]
[EventDate "2018.07.20"]

1. e4 d6 2. d4 Nf6 3. Nc3 e5 4. dxe5 dxe5 5. Qxd8+ Kxd8 6. Bg5 Be6 7. Nd5 Bxd5
8. exd5 Nd7 9. Bc4 h6 10. Bh4 g5 11. Bg3 Bg7 12. f3 Nh5 13. Bf2 Nb6 14. Bb3 Ke7
15. Bc5+ Kf6 16. g3 Rad8 17. O-O-O Bf8 18. Bxf8 Rhxf8 19. Ne2 Kg7 20. c4 Nd7 21.
Nc3 a6 22. Bc2 Nhf6 23. Bf5 Rfe8 24. Rhe1 b6 25. Kc2 Nb8 26. b4 a5 27. bxa5 bxa5
28. Nb5 Na6 29. d6 cxd6 30. Nxd6 Re7 31. Bc8 Nb4+ 32. Kb3 Kh7 33. Bf5+ Kg7 34.
c5 Rb8 35. Ka3 Nc6 36. Be4 Nd4 37. Rxd4 exd4 38. Nf5+ Kf8 39. Nxe7 Kxe7 40. Bf5+
Kd8 41. Ka4 Kc7 42. Kxa5 Kc6 43. Rc1 Nd5 44. Ka4 Nc3+ 45. Ka3 Kxc5 46. Be4 Kc4
47. Rc2 Rb6 48. Rd2 Ra6+ 49. Kb2 Rxa2+ 50. Kc1 Rxd2 51. Kxd2 Nxe4+ 52. fxe4 d3 0-1

[Event "29th Czech Open B 2018"]
[Site "Pardubice CZE"]
[Date "2018.07.27"]
[Round "8.24"]
[White "Zhukenov, Aituar"]
[Black "Gorbatenko, Alexander"]
[Result "0-1"]
[WhiteElo "1886"]
[BlackElo "2049"]
[WhiteFideId "13719513"]
[BlackFideId "4145976"]
[EventDate "2018.07.20"]

1. e4 c5 2. Nc3 Nc6 3. Bb5 g6 4. Bxc6 dxc6 5. d3 Bg7 6. f4 c4 7. Nf3 cxd3 8.
cxd3 Nf6 9. O-O O-O 10. h3 c5 11. Be3 b6 12. d4 cxd4 13. Bxd4 Bb7 14. Qe2 Qc8
15. Qe3 Qe6 16. Rae1 Rfd8 17. Be5 Qc4 18. f5 Rd3 19. Qe2 Qc5+ 20. Qf2 Rxf3 21.
gxf3 Qxe5 22. f4 Qc7 23. fxg6 hxg6 24. Qe3 Rd8 25. Rd1 Rxd1 26. Rxd1 Qc6 0-1

[Event "29th Czech Open B 2018"]
[Site "Pardubice CZE"]
[Date "2018.07.27"]
[Round "8.26"]
[White "Sheinkman, Lidan"]
[Black "Fedotov, Konstantin"]
[Result "0-1"]
[WhiteElo "1720"]
[BlackElo "2017"]
[WhiteFideId "2818515"]
[BlackFideId "4145895"]
[EventDate "2018.07.20"]

1. d4 Nf6 2. c4 c5 3. d5 e6 4. Nc3 exd5 5. cxd5 d6 6. e4 g6 7. Nf3 Bg7 8. h3 O-O
9. Bd3 b6 10. O-O Ba6 11. Bf4 Re8 12. Re1 b5 13. a3 Qb6 14. Qb3 c4 15. Bxc4 bxc4
16. Qxb6 axb6 17. Bxd6 Bb7 18. Ne5 Rc8 19. Nb5 Nbd7 20. Nc7 Ra4 21. Nxf7 Kxf7
22. e5 Nc5 23. e6+ Kg8 24. Bxc5 Nxd5 25. Nxd5 Bxd5 26. e7 Re8 27. Bxb6 Bxb2 28.
Rad1 Bf7 29. Bc5 Bxa3 30. Ra1 Bxc5 31. Rxa4 Rxe7 32. Rc1 Re2 33. Raxc4 Bxc4 34.
Rxc4 Re1+ 35. Kh2 Bxf2 36. Rc8+ Kg7 37. Rc7+ Kh6 38. Rc4 Re7 39. Rg4 Kg7 40. g3
h5 41. Rg5 Re2 42. Kh1 Bd4 43. Rd5 Be5 44. Rd3 Kf6 45. Rf3+ Kg7 46. h4 Rc2 47.
Kg1 Rc3 48. Kg2 Rxf3 49. Kxf3 Kf6 50. g4 hxg4+ 51. Kxg4 Bc3 52. h5 g5 53. h6 Kg6
54. h7 Bf6 55. h8=Q Bxh8 56. Kg3 Kh5 57. Kh3 g4+ 58. Kg3 Be5+ 59. Kg2 Kh4 60.
Kg1 Kh3 0-1

[Event "29th Czech Open B 2018"]
[Site "Pardubice CZE"]
[Date "2018.07.27"]
[Round "8.27"]
[White "Janzekovic, Klemen"]
[Black "Novotny, Martin"]
[Result "0-1"]
[WhiteElo "2008"]
[BlackElo "1892"]
[WhiteFideId "14604914"]
[BlackFideId "383600"]
[EventDate "2018.07.20"]

1. Nf3 g6 2. c4 Bg7 3. d4 Nf6 4. Nc3 O-O 5. e4 d6 6. Be2 e5 7. O-O Nc6 8. d5 Ne7
9. b4 a5 10. Ba3 Nh5 11. c5 Nf4 12. Nd2 Nxe2+ 13. Qxe2 axb4 14. Bxb4 dxc5 15.
Bxc5 b6 16. Bb4 Ba6 17. Nc4 Re8 18. Rfd1 Qd7 19. a4 c5 20. Ba3 Nc8 21. Qa2 Bxc4
22. Qxc4 Nd6 23. Qe2 f5 24. f3 f4 25. Rdb1 Reb8 26. Bc1 Bf6 27. Qb2 Bd8 28. Nb5
Nxb5 29. axb5 Qc7 30. Ra2 c4 31. Rba1 Rxa2 32. Rxa2 c3 33. Qb3 Qc5+ 34. Kf1 Kh8
35. Ba3 Qd4 36. Qc2 Rc8 37. Bc1 Be7 38. Ra4 Qc5 39. Qe2 c2 40. Ra7 Bd6 41. Rd7
Qb4 0-1

[Event "29th Czech Open B 2018"]
[Site "Pardubice CZE"]
[Date "2018.07.27"]
[Round "8.28"]
[White "Ali Rashid, Ali"]
[Black "Polansky, Adam Lubos"]
[Result "1-0"]
[WhiteElo "1784"]
[BlackElo "2006"]
[WhiteFideId "9304762"]
[BlackFideId "364657"]
[EventDate "2018.07.20"]

1. d4 Nf6 2. Nf3 e6 3. c4 d5 4. cxd5 exd5 5. Bf4 Bf5 6. Qb3 Qc8 7. Nc3 c6 8. Rc1
Na6 9. e3 Nc7 10. Bxc7 Qxc7 11. Nxd5 Nxd5 12. Qxd5 Bb4+ 13. Kd1 Be6 14. Qe4
O-O-O 15. Bc4 Rhe8 16. Qxh7 Qa5 17. a3 Bf8 18. Qc2 Bf5 19. Bd3 Be6 20. Ke2 Bg4
21. Qc3 Qxc3 22. Rxc3 Rxd4 23. Bf5+ Kc7 24. Bxg4 Rxg4 25. g3 g6 26. Rd1 a5 27.
Rcd3 Re7 28. Nd2 Bg7 29. f4 g5 30. Kf3 f5 31. h3 1-0